|
|
|
|
| LEADER |
00944nam a22002297i 4500 |
| 003 |
GR-PaULI |
| 005 |
20240627115609.0 |
| 008 |
170531b1994 gr ||||f |||| 00| 1 gre d |
| 020 |
|
|
|a 9602403179
|
| 040 |
|
|
|a GR-PaULI
|b gre
|c GR-PaULI
|e AACR2
|
| 041 |
0 |
|
|a gre
|
| 082 |
0 |
4 |
|2 23
|a 889.34
|
| 100 |
1 |
|
|9 48658
|a Σπυροπούλου, Ζωή Θ.
|e συγγραφέας
|
| 245 |
1 |
3 |
|a Τα χρώματα της Ίριδας /
|c Ζωή Σπυροπούλου.
|
| 260 |
|
|
|a Αθήνα :
|b Μίνωας,
|c 1994.
|
| 300 |
|
|
|a 235 σ. ;
|c 21 εκ.
|
| 490 |
1 |
|
|a Γαλάζια βιβλιοθήκη / Μίνωας
|
| 830 |
|
0 |
|a Γαλάζια βιβλιοθήκη (Μίνωας)
|9 162288
|
| 942 |
|
|
|2 ddc
|c BK15
|
| 952 |
|
|
|0 0
|1 0
|2 ddc
|4 0
|6 889_340000000000000_ΣΠΥ
|7 0
|9 212792
|a LISP
|b LISP
|c DON
|d 2017-05-31
|e ΒΑΛ
|i 127555
|l 0
|o 889.34 ΣΠΥ
|p 025000245367
|r 2017-05-31 00:00:00
|t 1
|v 2017.00
|w 2017-05-31
|y BK15
|
| 998 |
|
|
|c ΣΑΤΛΑΝΗΣ
|d 2017-05
|
| 999 |
|
|
|c 129425
|d 129425
|